Rome - Second Punic War Quiz - Statistics

General Stats
  • This quiz has been taken 268 times
  • The average score is 8 of 16
Answer Stats
Hint Answer % Correct
Hannibal was the commander of the armies of _______ Carthage
96%
Hannibal crossed these mountains to attack Italia directly Pyrenees and Alps
89%
The worst defeat in Roman history, and the last of the three "great military calamities" Battle of Cannae
73%
Hannibal's two brothers, who joined his campaign (name one) Hasdrubal and Mago
64%
This Roman general reconquered Spain between 210 and 207 BC Publius Cornelius Scipio
63%
Rome was able to capture this small Mediterranean island in 218 BC Malta
61%
The Second Punic War began with the siege of this Spanish city Saguntum
51%
His victory earned him the agnomen _______ Africanus
47%
He defeated Hannibal and ended the Second Punic War at the Battle of ______ Zama
47%
In 214 BC, this Sicilian nation joined the war against Rome Syracuse
41%
The second great defeat for the Romans Battle of Lake Trasimene
39%
The first major battle of the war, a crushing Roman defeat Battle of the Trebia
37%
The consuls commanding Roman forces in the above answer (name one) Paullus and Varro
30%
Hannibal used this military tactic to win the battle Double envelopment
17%
After his victories in Spain, he sailed to North Africa and laid siege to this city Utica
15%
Marcus Claudius Marcellus was able to hold off Hannibal three times at this location Nola
5%
No matching quizzes found
Score Distribution
Percent of People with Each Score
Percentile by Number Answered
Your Score History
You have not taken this quiz